000 00648nam a2200229 a 4500
001 BRL_1127
005 20190320211039.0
008 141113s1972----nyu#######---#000-0#eng-#
041 _aeng
044 _anyu
050 4 _aBF637.S8
_b.M35 1972
100 1 _aMaltz, Maxwell
_d1899-1975
_925866
245 1 0 _aPsycho-cybernetics
_cBy Maxwell Maltz.
260 _aNew York
_bPocket Books
_c1972
300 _axvii, 282 p.
_c18 cm.
500 _aAu1337
500 _aIncluye índice
650 1 4 _aÉxito
_xAspectos psicológicos
_925867
740 0 _aPsycho-cybernetics : a new way to get more living out of life.
902 _aGRL
942 _2lcc
_cB
999 _c9939
_d9939